书目信息 |
| 题名: |
环境微生物
|
|
| 作者: | 王建国 主编 | |
| 分册: | ||
| 出版信息: | 北京 化学工业出版社 2002 |
|
| 页数: | 187页 | |
| 开本: | 26cm | |
| 丛书名: | ||
| 单 册: | ||
| 中图分类: | X172 | |
| 科图分类: | ||
| 主题词: | 环境生物学--微生物学--中等专业教育--教材 , CT--S033421--环境生物学 , CT--S077674--微生物学 | |
| 电子资源: | ||
| ISBN: | 7-5025-3880-1 | |
| 000 | 01045nam0 2200289 45 | |
| 001 | 012002059375 | |
| 005 | 20070720111904.73 | |
| 010 | @a7-5025-3880-1@dCNY15.00 | |
| 035 | @a(011001)c2002050803 | |
| 100 | @a20020723e20052002em y0chiy0110 ea | |
| 101 | 0 | @achi |
| 102 | @aCN@b110000 | |
| 105 | @ay z 000yy | |
| 106 | @ar | |
| 200 | 1 | @a环境微生物@Ahuan jing wei sheng wu@f王建国主编@Fwang jian guo zhu bian |
| 210 | @a北京@c化学工业出版社@d2002@h2005重印 | |
| 215 | @a187页@d26cm | |
| 300 | @a中等职业教育国家规划教材 环境保护与监测专业系列教材 | |
| 304 | @a全国中等职业教育教材审定委员会审定 | |
| 330 | @a本教材着重阐明了:微生物与环境之间的相互作用的一般规律;微生物对人类和动、植物的影响;微生物在维护和推动自然界的物质和能量的循环流动以及微生物在环境治理工程中的作用原理。 | |
| 606 | 0 | @a环境生物学@x微生物学@x中等专业教育@j教材 |
| 606 | 0 | @2CT@3S033421@a环境生物学 |
| 606 | 0 | @2CT@3S077674@a微生物学 |
| 690 | @aX172@v4 | |
| 701 | 0 | @a王建国@Awang jian guo@4主编 |
| 801 | 0 | @aCN@bNLC@c20070720 |
| 905 | @dX172@e140@f4 | |
| 环境微生物/王建国主编.-北京:化学工业出版社,2002(2005重印) |
| 187页;26cm |
| 中等职业教育国家规划教材 环境保护与监测专业系列教材 |
| ISBN 7-5025-3880-1:CNY15.00 |
| 本教材着重阐明了:微生物与环境之间的相互作用的一般规律;微生物对人类和动、植物的影响;微生物在维护和推动自然界的物质和能量的循环流动以及微生物在环境治理工程中的作用原理。 |
| ● |
| 相关链接 |
|
|
|
|
正题名:环境微生物
索取号:X172/140
 
预约/预借
| 序号 | 登录号 | 条形码 | 馆藏地/架位号 | 状态 | 备注 |
| 1 | 0850514 | 208505143 | 第二样本阅览室/ [索取号:X172/140] | 在馆 | |
| 2 | 0850515 | 208505152 | 第三借阅区/ [索取号:X172/140] | 在馆 | |
| 3 | 0850516 | 208505161 | 第三借阅区/ [索取号:X172/140] | 在馆 | |
| 4 | 0850517 | 208505170 | 第三借阅区/ [索取号:X172/140] | 在馆 |